A Tale of Two Collectors : The Lithic Collections of Geoffrey Taylor and David Heys

Bibliographic Details
Main Author: Boughey, Keith
Format: eBook
Language:Undetermined
Published: Oxford Archaeopress Publishing Ltd 2023
Subjects:
Online Access:Connect to the full text of this electronic book

MARC

Tag First Indicator Second Indicator Subfields
LEADER 00000nam a22000007i 4500
001 in00004770430
006 m o d
007 cr cnu---unuuu
008 231113s2023 enk o 000 u und d
005 20240205142052.5
020 |a 9781803276434  |q electronic book 
020 |a 1803276436  |q electronic book 
020 |z 9781803276427 
035 |a (NhCcYBP)jstor22573/CATS8791639 
037 |a 22573/cats8791639  |b JSTOR 
040 |a NhCcYBP  |c NhCcYBP 
050 4 |a GN806.Y6  |b B68 2023 
082 0 4 |a 936.2/849  |2 23/eng/20231204 
100 1 |a Boughey, Keith 
245 1 2 |a A Tale of Two Collectors :  |b The Lithic Collections of Geoffrey Taylor and David Heys 
264 1 |a Oxford  |b Archaeopress Publishing Ltd  |c 2023 
300 |a 1 online resource. 
336 |a text  |b txt  |2 rdacontent 
337 |a computer  |b c  |2 rdamedia 
338 |a online resource  |b cr  |2 rdacarrier 
650 0 |a Antiquities, Prehistoric  |z England  |z Yorkshire. 
600 1 0 |a Taylor, Geoffrey  |x Archaeological collections. 
600 1 0 |a Heys, David,  |d 1937-  |x Archaeological collections. 
650 0 |a Mesolithic period  |z Great Britain. 
655 7 |a Electronic books.  |2 local 
856 4 0 |u http://proxy.library.tamu.edu/login?url=https://www.jstor.org/stable/10.2307/jj.8816102  |z Connect to the full text of this electronic book  |t 0 
945 |a machinegen 
955 |a JSTOR DDA record 
999 f f |s 06dab1c9-9259-4b92-b700-32c65a66f204  |i 55709adc-7b3d-445c-9691-a247cfc5e83a  |t 0 
952 f f |a Texas A&M University  |b College Station  |c Electronic Resources  |d Available Online  |t 0  |e GN806.Y6 B68 2023  |h Library of Congress classification 
998 f f |a GN806.Y6 B68 2023  |t 0  |l Available Online